| 000 | 01057nam a2200277 a 4500 | ||
|---|---|---|---|
| 001 | BRL_207 | ||
| 005 | 20190320210632.0 | ||
| 008 | 880816s2013----mx-a######---s000-0#spa-# | ||
| 020 | _a9786070072642 | ||
| 041 | _aspa | ||
| 044 | _amx | ||
| 050 | 4 |
_aND259.R33 _b.P37 2013 |
|
| 245 | 1 | 0 |
_aPara participar en lo justo _brecuperando la obra de Fanny Rabel _ccompiladoras Dina Comisarenco Mirkin, Ana María Torres, Karen Cordero Reiman. |
| 260 |
_aMéxico _bImpresores en Offset y Serigrafía _c2013 |
||
| 300 |
_a243 p. _bil. (algunas a color) _c23 cm. |
||
| 500 | _aIncluye lista de exposiciones individuales de Fanny Rabel | ||
| 500 | _aIncluye piezas de la Colección Ruth D. Lechuga : p. 168 y 170 | ||
| 500 | _aSe cuenta con 2 ejemplares | ||
| 504 | _aBibliografía : p. 233-242 | ||
| 600 | 1 | 4 |
_aRabel, Fanny _d1924- _923225 |
| 650 | 1 | 4 |
_aPintores mexicanos _vExposiciones _923226 |
| 700 | 1 |
_aComisarenco Mirkin, Dina _ecomp. _93508 |
|
| 700 | 1 |
_aTorres, Ana María _ecomp. _923227 |
|
| 700 | 1 |
_aCordero Reiman, Karen _ecomp. _923228 |
|
| 942 |
_2lcc _cB |
||
| 999 |
_c9020 _d9020 |
||